Statistics for All MotoGP Grand Prix Ever

Click here to take the quiz!

General Stats

  • This quiz has been taken 14 times
  • The average score is 30 of 51

Answer Stats

#LastGrand Prix% Correct
312019Australian
100%
382019Japanese
100%
712019Italian
100%
652020Spanish
100%
222020*San Marino
100%
172013United States
100%
292019Malaysian
92%
292020Austrian
92%
712019Dutch
92%
411990Belgian
92%
422019British
92%
512020Czech Republic
92%
682019German
92%
15*2020*Portuguese
92%
21992Hungarian
83%
42008Chinese
83%
41992Brazilian
83%
11967Canadian
83%
11*2020*Aragon
83%
622019French
83%
221990Swedish
75%
102004South African
75%
61954Swiss
75%
211982Finnish
67%
6*2020*European
67%
42003Pacific
58%
172020Qatar
58%
22*2020*Valencian
58%
22019Thailand
58%
21997Indonesian
58%
32007Turkish
58%
281976Isle Of Man
50%
211990Yugoslav
50%
25*2020*Catalan
50%
162019Argentine
50%
12020Andalusian
42%
12020Styrian
42%
1*2020*Emilia Romagna and Rimini's Coast
33%
82015Indianapolis
25%
121972East German
25%
231971Ulster
17%
72019Americas
17%
11991Vitesse Du Mans
8%
1*2020*Teruel
8%
92004Rio
8%
31979Venezuelan
8%
11988Expo 92
0%
11993FIM
0%
11998Madrid
0%
41999Imola
0%
11986Baden-Württemberg
0%

Score Distribution

Percentile by Number Answered

Percent of People with Each Score

Your Score History

You have not taken this quiz